• 首页
  • 本馆介绍
  • 公告通知
  • 最新文献
  • 馆藏检索
  • 电子资源
  • 读者导购
  • 参考咨询
  • 我的图书馆
  • 登录
  • 详细信息显示
  • 放入我的书架
  • 预约/预借图书
  • 作者相关作品
  • 分类相关作品
  • 丛书相关作品
  • 出版社相关作品

书目信息

  • 表格格式
  • 工作单格式
  • 卡片格式
题名:
英语构词解析
    
 
作者: 蒋争 著
分册:  
出版信息: 北京   北京出版社  1981
页数: 420页
开本: 19cm
丛书名:
单 册:
中图分类: H314.1
科图分类:
主题词: 英语-构词法 , 构词法-英语
电子资源:
ISBN:
000 00738nam0 2200265 45
001 0181005767
005 20040509151616.9
010    @dCNY1.10
091    @a9071.76
100    @a19950606d1981 em y0chiy0121 ea
101 0  @achi
102    @aCN@b110000
105    @ay z 000yy
106    @ar
200 10 @a英语构词解析@Aying yu gou ci jie xi@e前缀、后缀与词根@f蒋争著
210    @a北京@c北京出版社@d1981
215    @a420页@d19cm
517 1  @a前缀后缀与词根@Aqian zhui hou zhui yu ci gen
606    @a英语-构词法
606    @a构词法-英语
690    @aH314.1@v3
701  0 @a蒋争@Ajiang zheng@4著
801  0 @aCN@b上海图书馆@c20040509
801  2 @aCN@bNLC@c20040509
905    @f2@b59676-677@dH314.1@e209@b59674@f1@f1@b123854
    
    英语构词解析:前缀、后缀与词根/蒋争著.-北京:北京出版社,1981
    420页;19cm
    
    
    ISBN :CNY1.10
    
●
相关链接 在E读中查询图书 在五车中查询图书 在当当中查询图书 在豆瓣中查询图书


正题名:英语构词解析     索取号:H314.1/209         预约/预借

序号 登录号 条形码 馆藏地/架位号 状态 备注
1 0059674   000866361   第四借阅区/ [索取号:H314.1/209] 在馆    
2 0059676   000866334   第四借阅区/ [索取号:H314.1/209] 在馆    
3 0059677   001378048   第四借阅区/ [索取号:H314.1/209] 在馆    
4 0123854   001489516   第四借阅区/ [索取号:H314.1/209] 在馆    
5 0123855   000866389   第二样本阅览室/ [索取号:H314.1/209] 在馆    
唐山师范学院图书馆 欢迎您!
大连网信软件有限公司© 版权所有